| 000 | 01039 a2200253 4500 | ||
|---|---|---|---|
| 003 | Nust | ||
| 005 | 20230818092924.0 | ||
| 010 | _a 2015297024 | ||
| 020 | _c1284059278 (pbk.) | ||
| 035 | _a(OCoLC)ocn900621016 | ||
| 040 | _cNust | ||
| 082 | 0 | 4 | _a005.8,DOH |
| 100 | 1 |
_aDoherty, Jim, _958318 |
|
| 245 | 1 | 0 |
_aWireless and mobile device security / _cJim Doherty. |
| 300 |
_axx, 392 pages : _billustrations ; _c24 cm. |
||
| 490 | 1 | _aJones & Bartlett Learning information systems security & assurance series | |
| 505 | _aPart 1: Introduction to Wireless and Mobile Networks (Page-3), Part 2: WLAN Security (Page-97), Part 3: Mobile Security (Page-243). | ||
| 650 | 0 |
_aMobile communication systems _xSecurity measures. _995179 |
|
| 650 | 0 |
_aMobile computing _xSecurity measures. _918675 |
|
| 650 | 0 |
_aWireless communication systems _xSecurity measures. _995061 |
|
| 650 | 0 |
_aWireless LANs _xSecurity measures. _995062 |
|
| 830 | 0 |
_aJones & Bartlett Learning information systems security & assurance series. _995180 |
|
| 942 |
_2ddc _cREF |
||
| 999 |
_c218168 _d218168 |
||